000 00373nam a22001457a 4500
005 20251223110004.0
008 251223b |||||||| |||| 00| 0 eng d
020 _a9 781906 381035
050 _aRA 785 .P45 2008
100 _aPELT NANCY VAN
245 _aSECRETS OF SANITY
260 _aTHAILAND
_bAUTUMN HOUSE
_c2008
650 _aFOR STRESSED WOMEN
942 _2lcc
_cBK
999 _c216385
_d216385